Keep in step with the Spirit / (Record no. 4705)

MARC details
000 -LEADER
fixed length control field 00878pam a2200313 a 4500
001 - CONTROL NUMBER
control field 8300
003 - CONTROL NUMBER IDENTIFIER
control field GBCCL
005 - DATE AND TIME OF LATEST TRANSACTION
control field 20241126110524.0
008 - FIXED-LENGTH DATA ELEMENTS--GENERAL INFORMATION
fixed length control field 840125s1984 nju b 00110 eng
010 ## -
-- 84001304
020 ## - INTERNATIONAL STANDARD BOOK NUMBER
International Standard Book Number 0851107257
035 ## - SYSTEM CONTROL NUMBER
System control number OCM10403498
040 ## - CATALOGING SOURCE
Original cataloging agency DLC
Transcribing agency DLC
Modifying agency LBB
049 ## -
-- LBBA
-- 1-2
050 0# -
-- BT121.2
-- .P32 1984
082 0# - DEWEY DECIMAL CLASSIFICATION NUMBER
Classification number 231.3
Edition information 19
Item number PAC
092 ## - LOCALLY ASSIGNED DEWEY CALL NUMBER (OCLC)
Classification number 231.3
Item number P119
100 1# - MAIN ENTRY--PERSONAL NAME
Personal name Packer, J. I.
Fuller form of name (James Innell)
9 (RLIN) 2241
245 10 - TITLE STATEMENT
Title Keep in step with the Spirit /
Statement of responsibility, etc. J.I. Packer.
260 ## - PUBLICATION, DISTRIBUTION, ETC.
Place of publication, distribution, etc. Old Tappan, N.J. :
Name of publisher, distributor, etc. F.H. Revell,
Date of publication, distribution, etc. c1984.
300 ## - PHYSICAL DESCRIPTION
Extent 301 p. ;
Dimensions 22 cm.
500 ## - GENERAL NOTE
General note Includes bibliographical references and indexes.
650 #0 - SUBJECT ADDED ENTRY--TOPICAL TERM
Topical term or geographic name entry element Holy Spirit.
9 (RLIN) 225
650 #0 - SUBJECT ADDED ENTRY--TOPICAL TERM
Topical term or geographic name entry element Spiritual life.
9 (RLIN) 447
650 #0 - SUBJECT ADDED ENTRY--TOPICAL TERM
Topical term or geographic name entry element Gifts, Spiritual.
9 (RLIN) 664
650 #0 - SUBJECT ADDED ENTRY--TOPICAL TERM
Topical term or geographic name entry element Holiness.
9 (RLIN) 5204
650 #0 - SUBJECT ADDED ENTRY--TOPICAL TERM
Topical term or geographic name entry element Sanctification.
9 (RLIN) 8609
942 ## - ADDED ENTRY ELEMENTS (KOHA)
Source of classification or shelving scheme Dewey Decimal Classification
Koha item type Books
Koha issues (borrowed), all copies 6
Holdings
Withdrawn status Lost status Source of classification or shelving scheme Damaged status Not for loan Home library Current Library Shelving location Date acquired Total checkouts Full call number Barcode Date last seen Date last checked out Copy number Price effective from Koha item type
    Dewey Decimal Classification     GRACE BIBLE COLLEGE GRACE BIBLE COLLEGE Theology 2018-02-01 6 231.3 PAC 000593 2025-05-01 2023-09-19 c.1 2018-02-01 Books
© Grace Bible College Library 2025